书目信息 |
| 题名: |
成败晋商
|
|
| 作者: | 周建波 著 | |
| 分册: | ||
| 出版信息: | 北京 机械工业出版社 2007.02 |
|
| 页数: | 358页 | |
| 开本: | 24cm | |
| 丛书名: | ||
| 单 册: | ||
| 中图分类: | F715 | |
| 科图分类: | ||
| 主题词: | 商业经营--shang ye jing ying--经验--山西省 | |
| 电子资源: | ||
| ISBN: | 978-7-111-20796-2 | |
| 000 | 00903nam0 2200253 450 | |
| 001 | 012007741502 | |
| 005 | 20071108193942.68 | |
| 010 | @a978-7-111-20796-2@dCNY48.00 | |
| 100 | @a20071108d2007 km y0chiy0120 ea | |
| 101 | 0 | @achi |
| 102 | @aCN@b110000 | |
| 105 | @ay a 000yy | |
| 106 | @ar | |
| 200 | 1 | @a成败晋商@Acheng bai jin shang@e从历史看管理@f周建波著@Fzhou jian bo zhu |
| 210 | @a北京@c机械工业出版社@d2007.02 | |
| 215 | @a358页@d24cm | |
| 320 | @a有书目 (第353-358页)。 | |
| 330 | @a本书从明初开中制——晋商之起家说起,至辛亥革命——晋商日暮途穷为止,纵横数千百年,激扬数十万字,从时势、制度、人事诸方面,剖析了晋商兴衰成败,以古喻今,发人深思。 | |
| 517 | 1 | @a从历史看管理@Acong li shi kan guan li |
| 606 | 0 | @a商业经营@Ashang ye jing ying@x经验@y山西省 |
| 690 | @aF715@v4 | |
| 701 | 0 | @a周建波@Azhou jian bo@4著 |
| 801 | 0 | @aCN@b@c20071108 |
| 905 | @b264678-79@dF715@eZ770@f2 | |
| 成败晋商:从历史看管理/周建波著.-北京:机械工业出版社,2007.02 |
| 358页;24cm |
| ISBN 978-7-111-20796-2:CNY48.00 |
| 本书从明初开中制——晋商之起家说起,至辛亥革命——晋商日暮途穷为止,纵横数千百年,激扬数十万字,从时势、制度、人事诸方面,剖析了晋商兴衰成败,以古喻今,发人深思。 |
| ● |
| 相关链接 |
|
|
|
正题名:成败晋商
索取号:F715/Z770
 
预约/预借
| 序号 | 登录号 | 条形码 | 馆藏地/架位号 | 状态 | 备注 |
| 1 | 264678 | 202646789 | 社科库409/422社科库 36排4列4层/ [索取号:F715/Z770] | 在馆 | |
| 2 | 264679 | 202646798 | 社科库409/409社科库 45排4列3层/ [索取号:F715/Z770] | 在馆 |